000 00863nmc a2200301 a 4500
003 AR-BaBNM
005 20251128211701.0
008 235020s2004 ||||||||||||||000 | spa||
040 _cAR-BaBNM
245 1 0 _aLeer X leer
_b2º año Polimodal : 4º año secundario común
246 1 _aLeer por leer 4
260 _aBuenos Aires
_bMinisterio de Educación Ciencia y Tecnología
_bEudeba
_c2004
300 0 _a190 p.
490 0 _aLecturas para estudiantes
_vv. 4
521 _aPOLIMODAL
610 2 4 _aPlan Nacional de Lectura [Argentina]
650 4 _aANTOLOGIAS
650 4 _aLITERATURA UNIVERSAL
650 4 _aCUENTOS
650 4 _aPOESIA
650 4 _aESCRITORES
653 0 _aINICIACION LITERARIA
655 _aLITERATURA
700 1 _aGiardinelli, Mempo
_eprologuista
800 1 _aMempo, Giardinelli
942 _cBK
998 _calexandra
999 _c20703
_d20703